00723nam a2200169Ia 4500001001000000003000500010008004100015010001100056040000900067100003000076245012700106260003500233300001000268502010800278650011500386710005200501Para_3024CHAP220125s1977 xx 000 0 und d a201533 cCHAP aRegalado Ortíz, Alfredo aEvaluación del herbicida Suffix en el control de avena silvestre (Avena fatua L.) en trigo /c Alfredo Regalado Ortíz aChapingo, Méx. :b El autor a59 h. aTesis (Ing. Agr. Esp. en Parasitología Agrícola) -- ENA. Departamento de Parasitología Agrícola aAvena fatua Herbicidas Trigo x Malas hierbas x Control Malas hierbas x Competencia Trigo x Rendimiento aENA. Departamento de Parasitología Agrícola